| 000 | 00699nam a22002177a 4500 | ||
|---|---|---|---|
| 999 |
_c3147 _d3147 |
||
| 003 | AR-CdUCM | ||
| 008 | 190306b ||||| |||| 00| 0 spa d | ||
| 020 | _a84-278-0921-2 | ||
| 040 |
_aMUNICIPALIDAD PROVINCIAL DEL CUSCO _cBIBLIOTECA MUNICIPAL DEL CUSCO |
||
| 082 |
_a858.8 / _bSA18Y |
||
| 100 |
_aSalgari, Emilio _9800 |
||
| 245 | _aYolanda / | ||
| 260 |
_aBarcelona : _bNauta, _c1984. |
||
| 300 |
_a190 páginas ; _c18 cm. |
||
| 440 |
_n11 _910607 |
||
| 505 | _aLa "taberna del toro" -- El secuestro del plantador -- La flota de los filibusteros -- Morgan -- La toma de Maracaibo ... | ||
| 650 |
_aNovelas italianas _99329 |
||
| 650 |
_aSiglo XIX _9971 |
||
| 942 |
_2ddc _cLIBROS |
||
| 945 | _aafb | ||